MARC details
| 000 -LEADER |
| campo de control de longitud fija |
02025nam a2200433 i 4500 |
| 001 - NÚMERO DE CONTROL |
| campo de control |
193313 |
| 003 - IDENTIFICADOR DE NÚMERO DE CONTROL |
| campo de control |
SpMaBN |
| 005 - FECHA Y HORA DE LA ÚLTIMA TRANSACCIÓN |
| campo de control |
20250709194405.0 |
| 007 - CAMPO FIJO DE DESCRIPCIÓN FÍSICA--INFORMACIÓN GENERAL |
| campo de control de longitud fija |
ta |
| 008 - DATOS DE LONGITUD FIJA--INFORMACIÓN GENERAL |
| campo de control de longitud fija |
231102s1991 sp a | ||||o001 0 spa |
| 017 ## - NÚMERO DE COPYRIGHT O DE DEPÓSITO LEGAL |
| Número de copyright o de depósito legal |
TO 2059-1991 |
| Agencia que asigna |
Oficina Depósito Legal Toledo |
| 020 ## - NÚMERO INTERNACIONAL ESTÁNDAR DEL LIBRO |
| Número Internacional Estándar del Libro |
8487103273 |
| 035 ## - NÚMERO DE CONTROL DEL SISTEMA |
| Número de control de sistema |
(OCoLC)636786482 |
| 035 ## - NÚMERO DE CONTROL DEL SISTEMA |
| Número de control de sistema |
a4878581 |
| 040 ## - FUENTE DE CATALOGACIÓN |
| Centro catalogador/agencia de origen |
SpMaBN |
| Lengua de catalogación |
spa |
| Centro/agencia transcriptor |
SpMaBN |
| Normas de descripción |
rdc |
| Centro/agencia modificador |
ES-MaACL |
| 080 ## - NÚMERO DE LA CLASIFICACIÓN DECIMAL UNIVERSAL |
| Número de la Clasificación Decimal Universal |
73 León, Rafael de |
| 080 ## - NÚMERO DE LA CLASIFICACIÓN DECIMAL UNIVERSAL |
| Número de la Clasificación Decimal Universal |
73 Villoldo, Luis de |
| 100 1# - ENTRADA PRINCIPAL--NOMBRE DE PERSONA |
| Nombre de persona |
Rodríguez Quintana, M. I. |
| Número de control del registro de autoridad o número normalizado |
XX5037682 |
| Término indicativo de función/relación |
Autor |
| 9 (RLIN) |
234454 |
| 245 13 - MENCIÓN DEL TÍTULO |
| Título |
El obrador de escultura de Rafael de León y Luis de Villoldo : |
| Resto del título |
un exponente de la plástica toledana en la segunda mitad del siglo XVI / |
| Mención de responsabilidad, etc. |
M.I. Rodríguez Quintana. |
| 260 ## - PUBLICACIÓN, DISTRIBUCIÓN, ETC. |
| Lugar de publicación, distribución, etc. |
Toledo : |
| Nombre del editor, distribuidor, etc. |
Instituto Provincial de Investigaciones y Estudios Toledanos, |
| Fecha de publicación, distribución, etc. |
1991. |
| 300 ## - DESCRIPCIÓN FÍSICA |
| Extensión |
XXII, 346 páginas (algunas pleg.), [48] páginas de láminas : |
| Otras características físicas |
planos ; |
| Dimensiones |
24 cm |
| 336 ## - TIPO DE CONTENIDO |
| Fuente |
rdacontent |
| Término de tipo de contenido |
Texto |
| 337 ## - TIPO DE MEDIO |
| Fuente |
rdamedia |
| Nombre/término del tipo de medio |
sin mediación |
| 338 ## - TIPO DE SOPORTE |
| Fuente |
rdacarrier |
| Nombre/término del tipo de soporte |
volumen |
| 490 1# - MENCIÓN DE SERIE |
| Mención de serie |
Serie I, Monografías / Instituto Provincial de Investigaciones y Estudios Toledanos ; |
| Designación de volumen o secuencia |
28 |
| 500 ## - NOTA GENERAL |
| Nota general |
Índices |
| 504 ## - NOTA DE BIBLIOGRAFÍA, ETC. |
| Nota de bibliografía, etc. |
Bibliografía: páginas 315-319. |
| 600 1# - PUNTO DE ACCESO ADICIONAL DE MATERIA--NOMBRE DE PERSONA |
| Nombre de persona |
León, Rafael de, |
| Fechas asociadas al nombre |
ca. 1525-1593 |
| Fuente del encabezamiento o término |
embne |
| 9 (RLIN) |
234526 |
| 600 17 - PUNTO DE ACCESO ADICIONAL DE MATERIA--NOMBRE DE PERSONA |
| Nombre de persona |
Villoldo, Luis de, |
| Fechas asociadas al nombre |
m. 1600 |
| Fuente del encabezamiento o término |
embne |
| 9 (RLIN) |
234456 |
| 650 #4 - PUNTO DE ACCESO ADICIONAL DE MATERIA--TÉRMINO DE MATERIA |
| 9 (RLIN) |
147421 |
| Término de materia o nombre geográfico como elemento de entrada |
Escultura- |
| Subdivisión geográfica |
Toledo |
| 710 2# - ENTRADA AGREGADA--NOMBRE DE ENTIDAD CORPORATIVA |
| 9 (RLIN) |
5217 |
| Nombre de entidad corporativa o nombre de jurisdicción como elemento de entrada |
Instituto Provincial de Investigaciones y Estudios Toledanos |
| 830 ## - PUNTO DE ACCESO ADICIONAL DE SERIE-TÍTULO UNIFORME |
| 9 (RLIN) |
230639 |
| Título uniforme |
Instituto Provincial de Investigaciones y Estudios Toledanos. Serie primera monografías ; |
| Designación de volumen o secuencia |
28 |
| 852 ## - LOCALIZACIÓN |
| Ubicación |
ES-MaACL |
| itemnumber |
200756 |
| Sublocalización o colección |
R.154777 |
| Ubicación en estantería |
Depósito J |
| Número de control de estantería |
N-9516 |
| Donativo/Legado |
Donación: M.I. Rodríguez Quintana |
| Anotaciones manuscritas |
Dedicatoria autógrafa de la autora |
| Encuadernación |
Encuadernación rústica |
| 942 ## - ELEMENTOS DE ENTRADA SECUNDARIOS (KOHA) |
| Suprimir en OPAC |
No |
| Tipo de ítem Koha |
Libro impreso |